Statistiques concernant Les plus grandes agglomérations de Suisse

Cliquez ici pour prendre le quiz!

Statistiques générales

  • Ce quiz a été pris 146 fois
  • Le résultat moyen est 7 sur 10

Statistiques - réponses

PlaceHabitantsNom% Correct
1.1 315 700Agglomération de Zurich
99%
3.645 608Agglomération de Genève
98%
4.406 900Agglomération de Berne
97%
2.830 000Agglomération de Bâle
94%
5.402 900Agglomération de Lausanne
93%
6.209 000Agglomération de Lucerne
69%
7.146 385Agglomération de Saint-Gall
68%
8.136 032Agglomération de Lugano
64%
9.123 416Agglomération de Winterthour
33%
10.106 736Agglomération de Baden-Brugg
11%

Distribution des résultats

Percentile par nombre de réponses

% des personnes avec chaque résultat

Votre développement - résultats

Vous n’avez pas pris ce quiz